000 00730nam a2200253Ia 4500
003 OSt
005 20220928114155.0
006 a|||||r|||| 00| 0
007 ta
008 220927b |||||||| |||| 00| 0 eng d
024 _a44431
037 _cTextual
040 _aSDCL
_cSDCL
_beng
041 _2eng
_aeng
082 _aR14, L8
100 _aRamsey F P
_9437288
245 0 _aFoundations
_b Essays in philosophy,logic,mathematics and economics.
260 _aLondon
_bRoutledge
_c1978
300 _aviii,287p.
_ccm.
490 _aInternational library of psychology.
700 _a Mellor D H Ed.
_9437289
942 _hR14, L8
_cTEXL
_2CC
999 _c753241
_d753241